Vainqueurs de là champions league - Statistiques

Statistiques générales
  • Ce quiz a été pris 101 fois
  • Le résultat moyen est 15 sur 15
Statistiques - réponses
Hint Réponse % Correct
2022 Réal Madrid
100%
2018 Réal Madrid
100%
2017 Réal Madrid
100%
2016 Réal Madrid
100%
2014 Réal Madrid
100%
2020 Bayern
99%
2013 Bayern
99%
2015 Barcelone
98%
2011 Barcelone
98%
2009 Barcelone
98%
2021 Chelsea
97%
2012 Chelsea
97%
2019 Liverpool
97%
2010 Inter milan
87%
2008 Manchester united
84%
Aucun quiz correspondant
Distribution des résultats
% des personnes avec chaque résultat
Percentile par nombre de réponses
Votre historique - résultats
Vous n’avez pas pris ce quiz